| 000 | 005150000a22001930004500 | ||
|---|---|---|---|
| 003 | LK-CoMWRAF | ||
| 005 | 20231024124320.0 | ||
| 008 | 230817t ||||| |||| 00| 0 eng d | ||
| 040 |
_aLK-CoMWRAF _dLK-CoMWRAF _eLK-CoMWRAF |
||
| 041 | _aeng | ||
| 082 |
_a297.63 _bIBR |
||
| 100 | _aIbrahim, Syed | ||
| 245 |
_aThe Holy Prophet : _bLife & anecdotes |
||
| 260 |
_aIndia (Tirughirappalli 17) : _bValarmathi pathippakam, |
||
| 300 | _a54p | ||
| 650 | _aProphet life | ||
| 650 | _aIslam--Holy prophet | ||
| 942 | _cBK | ||
| 999 |
_c2027 _d2027 |
||